000 00587nam a2200193 i 4500
001 bgj
100 1 _aWELLMAN, Guy
245 1 0 _aThe Heinemann ELT English Worldbuilder :
_bvocabulary development and practice for higher-level students /
_cGuy Wellman.
260 _aOxford :
_bMacMillan Heinemann,
_cc. 1998.
300 _a266 pp ;
_c27 cm.
650 9 _aEnglish language
_xVocabulary
655 _aTextbooks for foreign speakers
020 _a0435285564
040 _cBPK
041 0 _aeng
920 _a0-435-28556-4
942 _cKS
008 s uk f |000 0 eng
999 _c48749
_d48749
856 _uhttp://koha.tu.koszalin.pl/cgi-bin/koha/opac-detail.pl?biblionumber=48749
_yKatalog online BPK